000 00421nam a22001697a 4500
999 _c524831
_d524831
003 NUST
020 _a-
038 _aZafar Malik
082 _a891.4391092
_bFAI
100 _aFairooz, Muhammad Shah
_915622
245 _aThal Darya /
_cMuhammad Fairooz Shah
300 _a120 p. ;
500 _aHardcover
880 _6100-02\r
_aمحمد فیروز شاہ
880 _6245-02\r
_aتھل دریا
942 _2ddc
_cBK